Lanean...

Satabdi Kavi: Darti aur dhadkan /

Xehetasun bibliografikoak
Egile nagusia: Pramod Kovvaprath
Formatua: Printed Book
Hizkuntza:Hindi
Argitaratua: Madurai: Jawahar Pustakalay, c2012.
Gaiak:
LEADER 00633nam a22001697a 4500
008 140827b xxu||||| |||| 00| 0 hin d
020 |a 97881112279  |c INR200.00 
100 |a Pramod Kovvaprath 
245 |a Satabdi Kavi:  |b Darti aur dhadkan /  |c Pramod Kovvaprath 
260 |a Madurai:  |b Jawahar Pustakalay,  |c c2012. 
300 |a 95 p.; 
546 |a In Hindi. 
650 0 |a Kavitha-Visleshan 
653 |a Poems -criticism 
942 |c BK 
999 |c 246762  |d 246762 
952 |0 0  |1 0  |4 0  |6 S_46  |7 0  |9 273968  |a HIN  |b HIN  |c S-46  |d 2014-12-15  |e The Book Shop, Publication Division, University of Calicut  |g 200.00  |i 23205  |l 0  |o S-46  |p HIN23205  |r 2014-12-15  |w 2014-12-15  |y BK